Sports Quiz

Random Sports Quiz

Professional Athletes With a Drug Offense Quiz Stats

 Plays Quiz not verified by Sporcle

Score 0/72 Timer 15:00
0 Plays Today
Sport Athlete % Correct
FootballRicky Williams
51.2%
FootballAdam 'Pacman' Jones
49.7%
FootballMatt Jones
49.1%
FootballReggie Williams
49.1%
BasketballShawne Williams
48.6%
FootballEd Johnson
35%
BasketballEddie Johnson
35%
FootballJamal Lewis
31.8%
BasketballAllen Iverson
31.8%
SwimmingMichael Phelps
30.9%
FootballJaMarcus Russell
30.6%
FootballTravis Henry
27.7%
FootballRandy Moss
27.5%
FootballMichael Irvin
23.1%
BaseballDwight 'Doc' Gooden
21.4%
BaseballDarryl Strawberry
20.5%
FootballNate Newton
18.5%
FootballLawrence Taylor
18.5%
BoxingMike Tyson
18.2%
BaseballJosh Hamilton
17.1%
BaseballDock Ellis
16.5%
FootballShaun Ellis
16.2%
FootballMarcus Vick
15.9%
TennisMartina Hingis
15%
FootballJerramy Stevens
14.5%
HockeyKevin Stevens
14.5%
FootballThurman Thomas
11.8%
BaseballTim Lincecum
11.3%
FootballSantonio Holmes
10.7%
SoccerDiego Maradona
10.4%
FootballJamal Anderson
9.2%
BasketballRasheed Wallace
9%
BasketballLen Bias
9%
BasketballChris Webber
8.7%
BoxingFloyd Mayweather Sr.
8.4%
BaseballKeith Hernandez
7.8%
Sport Athlete % Correct
FootballByron 'Bam' Morris
7.5%
WrestlingRob Van Dam
7.5%
FootballKevin Ellison
7.2%
BasketballKareem Abdul Jabbar
7.2%
FootballEugene 'Mercury' Morris
6.6%
BasketballCorey Blount
6.6%
BasketballShawn Kemp
6.4%
FootballChris Simms
6.4%
FootballJohnny Jolly
6.4%
BaseballDmitri Young
6.1%
WrestlingJim 'The Anvil' Neidhart
6.1%
HockeyTheoren Fleury
6.1%
TennisJennifer Capriati
5.5%
BaseballSteve Howe
5.5%
FootballNick Kaczur
4.9%
BaseballKen Caminiti
4.9%
BasketballUdonis Haslem
4.6%
FootballTerrence Kiel
4.3%
BasketballIsaiah Rider
4.3%
HockeyBob Probert
4%
FootballJonathan Banineaux
3.8%
BoxingTommy Morrison
3.8%
BaseballElijah Dukes
3.2%
FootballLeroy Hill
2.9%
FootballKeith McCants
2.9%
FootballTodd Marinovich
2.6%
Sumo WrestlingWakakirin Shinichi
2.3%
BaseballDerek Bell
2.3%
FootballDexter Manley
2%
BasketballRoy Tarpley
2%
BaseballOrlando Cepeda
1.4%
FootballDarryl Henley
0.9%
BasketballMarcus Camby
0.9%
FootballSebastian Janikowski
0.9%
FootballBobby McCray
0.6%
SoccerPaul Gascoigne
0.3%

You're not logged in!

Compare scores with friends on all Sporcle quizzes.
OR
Log In

Show Comments

Extras

Top Quizzes Today


Score Distribution

Your Account Isn't Verified!

In order to create a playlist on Sporcle, you need to verify the email address you used during registration. Go to your Sporcle Settings to finish the process.

Report this User

Report this user for behavior that violates our Community Guidelines.

Details: